000 00684cam a22002413a 4500
001 31760
003 PGUSA
005 20140828083704.0
008 100324s2010||||xxu|||||s|||||000 | eng d
040 _aPGUSA
_beng
042 _adc
050 4 _aZ
245 1 0 _aWhy do we need a public library? Material for a library campaign
_h[electronic resource]
260 _bProject Gutenberg,
_c2010
506 _aPublic domain in the USA.
516 _aElectronic text
653 _aPublic libraries
653 _aLibrary extension
700 1 _aHadley, Chalmers,
_d1872-1958
830 0 _aProject Gutenberg
_v31760
856 4 0 _uhttp://www.gutenberg.org/ebooks/31760
942 _cEB
999 _c261015
_d261015